Glossaries for surveyors / collected by Ray Minnick (Record no. 96181)

MARC details
000 -LEADER
fixed length control field 00634cam a2200181 4500
001 - CONTROL NUMBER
control field D4080
008 - FIXED-LENGTH DATA ELEMENTS--GENERAL INFORMATION
fixed length control field 090401t1981 xxu||||| |||| 00| 0 eng d
035 ## - SYSTEM CONTROL NUMBER
System control number (Sirsi) u76462
041 ## - LANGUAGE CODE
Language code of text/sound track or separate title eng
050 ## - LIBRARY OF CONGRESS CALL NUMBER
Classification number 526.903
245 ## - TITLE STATEMENT
Title Glossaries for surveyors / collected by Ray Minnick
260 ## - PUBLICATION, DISTRIBUTION, ETC.
Place of publication, distribution, etc. Rancho Cardova, C A
Name of publisher, distributor, etc. Landmark Enterprises
Date of publication, distribution, etc. 1981
300 ## - PHYSICAL DESCRIPTION
Extent 517p. 28cm
350 ## - PRICE (NR) (BK AM CF MU VM SE) [OBSOLETE]
Price 0
520 ## - SUMMARY, ETC.
Summary, etc. A compilation of Glossary of mapping, charting and geodetic terms. Definitions of terms used in geodetic and other surveys, Tide and current glossary. Glossary of BLM surveying and mapping terms
942 ## - ADDED ENTRY ELEMENTS (KOHA)
Suppress in OPAC 0
948 ## - LOCAL PROCESSING INFORMATION (OCLC); SERIES PART DESIGNATOR (RLIN)
c (OCLC) 04/03/1997
Holdings
Withdrawn status Lost status Source of classification or shelving scheme Damaged status Not for loan Home library Current library Shelving location Date acquired Total Checkouts Full call number Barcode Date last seen Copy number Price effective from Koha item type
    Dewey Decimal Classification     London London Folio 14/09/1999   F526.903 30014641 06/08/2019 1 06/08/2019 Reference material